000 00373 a2200157 4500
001 18213
020 _a9788504018189
040 _cAnchieta - Bela Vista
100 _aYunes, Francesco Zullino
240 1 0 _ao quartário/ Aquariaroom
_lpor
245 1 0 _ao quartário/ Aquariaroom
300 _a23
362 0 _a2012
650 4 _aLiteratura infanto-juvenil
942 _cBK
999 _c18213
_d18213